André Breton: la escritura surrealista

שמור ב:
מידע ביבליוגרפי
מחבר ראשי: Durozoi, Gerard (Author)
פורמט: ספר
שפה:ספרדית
יצא לאור: Madrid Guadarrama 1976
סדרה:Ediciones de Bolsillo, 435
נושאים:
תגים: הוספת תג
אין תגיות, היה/י הראשונ/ה לתייג את הרשומה!

MARC

LEADER 00000nam a2200000 a 4500
001 UCV9584
003 CL-VaPUC
008 921203e19760000SP |||||||||||||||||spa|d
082 0 4 |a 840.9  |b DUR  |2 21 
100 0 |a Durozoi, Gerard  |e author  |9 303605 
245 1 0 |a André Breton: la escritura surrealista 
300 |a 284 p 
942 |c BK 
945 |d 19921203 00:00:00 
260 |a Madrid  |b Guadarrama  |c 1976 
600 0 |a Breton, André  |9 268387 
650 7 |a SURREALISMO EN LA LITERATURA  |2 CL-VaPUC  |9 266192 
583 |a last modification  |c 19921203 00:00:00  |k Rodrigo Vera 
490 0 |a Ediciones de Bolsillo, 435 
999 |c 214896  |d 214894 
952 |0 0  |1 0  |4 0  |6 840_900000000000000_DUR_1976  |7 0  |8 A  |9 198723  |a BIBARQ  |b BIBARQ  |d 2019-11-14  |i 2661195  |o 840.9 DUR 1976  |p 2661195  |r 2025-01-20  |w 2019-11-14  |y BK  |k ARQ